000 00810nam a2200265Ia 4500
003 OSt
005 20221005104634.0
006 a|||||r|||| 00| 0
007 ta
008 221004b |||||||| |||| 00| 0 hin d
020 _a9789350001448 (hbk)
024 _a32720
037 _cTextual
040 _aCRL
_cCRL
_bhin
041 _2hin
_ahin
082 _aO152, P9
100 _aमिश्र, शिवकुमार
245 0 _aयथार्थवाद
246 _aYathārthavāda
260 _aदिल्ली
_bवाणी प्रकाशन भारत
_c2009
300 _a270पृ.
_ccm.
650 _aहिन्दी साहित्य
942 _hO152, P9
_cTEXL
_2cc
999 _c1013333
_d1013333